Handbook of Simulation :Principles,Methodology,Advances,Applications,and Practice (Record no. 23727)

000 -LEADER
fixed length control field 00504nam a22001097a 4500
003 - CONTROL NUMBER IDENTIFIER
control field NUST
005 - DATE AND TIME OF LATEST TRANSACTION
control field 20170608121959.0
008 - FIXED-LENGTH DATA ELEMENTS--GENERAL INFORMATION
fixed length control field 140102b xxu||||| |||| 00| 0 eng d
020 ## - INTERNATIONAL STANDARD BOOK NUMBER
International Standard Book Number 9780471134039
Terms of availability Available
040 ## - CATALOGING SOURCE
Original cataloging agency DLC
Language of cataloging DLC
Transcribing agency RCMS
082 ## - DEWEY DECIMAL CLASSIFICATION NUMBER
Classification number 003.83 BAN
Author Mark 000619
100 ## - MAIN ENTRY--PERSONAL NAME
Personal name Edited byJerry Banks
9 (RLIN) 2284
245 ## - TITLE STATEMENT
Title Handbook of Simulation :Principles,Methodology,Advances,Applications,and Practice
Statement of responsibility, etc. Banks Jerry
260 ## - PUBLICATION, DISTRIBUTION, ETC.
Place of publication, distribution, etc. Canada
Name of publisher, distributor, etc. John Wiley & Sons
Date of publication, distribution, etc. c.1998
300 ## - PHYSICAL DESCRIPTION
Extent xii,849,p:
Other physical details ill:
Dimensions 24,cm.
440 ## - SERIES STATEMENT/ADDED ENTRY--TITLE
Title "A Wiley - Interscience publication."
9 (RLIN) 2285
504 ## - BIBLIOGRAPHY, ETC. NOTE
Bibliography, etc. note includes index.
538 ## - SYSTEM DETAILS NOTE
Display text Shelf No 1 Row No 4
650 ## - SUBJECT ADDED ENTRY--TOPICAL TERM
Topical term or geographic name entry element 1. Simulation methods ------ Handbooks,manuals,etc.2. Discrete - time systems -------- Handbooks manuals,etc.
9 (RLIN) 2286
856 ## - ELECTRONIC LOCATION AND ACCESS
Materials specified Table of Content Only
942 ## - ADDED ENTRY ELEMENTS (KOHA)
Source of classification or shelving scheme
Koha item type Book
Holdings
Withdrawn status Lost status Source of classification or shelving scheme Damaged status Not for loan Permanent Location Current Location Shelving location Date acquired Total Checkouts Full call number Barcode Date last seen Date last checked out Price effective from Koha item type
          Central Library (CL) Central Library (CL) First Floor - Computer Science 01/02/2014 1 003.83BAN RCMS000619 05/27/2015 05/27/2015 01/02/2014 Book
© 2023 Central Library, National University of Sciences and Technology. All Rights Reserved.